El proceso ante el Tribunal Internacional de Justicia (Registro nro. 158882)
[ vista simple ]
| 000 -LEADER | |
|---|---|
| fixed length control field | 01003ny a22002413n 4500 |
| 008 - FIXED-LENGTH DATA ELEMENTS--GENERAL INFORMATION | |
| fixed length control field | 080610s1995 sp s 000 0 spa c |
| 017 ## - | |
| -- | DL. B.24364-1995 |
| 020 ## - INTERNATIONAL STANDARD BOOK NUMBER | |
| International Standard Book Number | 8476983336 |
| 035 ## - | |
| -- | 1180 |
| 040 ## - CATALOGING SOURCE | |
| Original cataloging agency | UMA.RE |
| Modifying agency | vLex |
| 080 ## - | |
| -- | 341.645.2(0.034) |
| 090 ## - | |
| -- | 352 |
| -- | 352 |
| 100 1# - MAIN ENTRY--PERSONAL NAME | |
| Personal name | Acosta Estévez, José B |
| 245 13 - TITLE STATEMENT | |
| Title | El proceso ante el Tribunal Internacional de Justicia |
| Medium | [Recurso electrónico] |
| Statement of responsibility, etc | José B. Acosta Estévez |
| 256 ## - | |
| -- | Servicio en línea |
| 260 ## - PUBLICATION, DISTRIBUTION, ETC. (IMPRINT) | |
| Place of publication, distribution, etc | Barcelona : |
| Name of publisher, distributor, etc | J.M. Bosch, |
| Date of publication, distribution, etc | 1995 |
| 506 1# - RESTRICTIONS ON ACCESS NOTE | |
| Terms governing access | Contenido solo disponible en los productos indicados |
| Authorized users | vLex Global |
| -- | vLex Global (Academic Edition, excluding Law Schools) |
| -- | vLex Global (U.S. Academic Edition, Law Schools) |
| -- | vLex Global (U.S. Academic Edition, excluding Law Schools) |
| -- | vLex Global (Academic Edition, Law Schools) |
| 650 07 - SUBJECT ADDED ENTRY--TOPICAL TERM | |
| Topical term or geographic name as entry element | Procesal |
| Source of heading or term | Tesauro vLex |
| 740 0# - | |
| -- | vLex Libros (Servicios en línea) |
| 856 40 - LOCALIZACIÓN Y ACCESO ELECTRÓNICO | |
| Identificador Uniforme del Recurso (URI/URL) | https://app.vlex.com/#/sources/1180 |
| 942 ## - | |
| -- | RAA |
| 999 ## - | |
| -- | 158882 |
| -- | 158882 |
No hay ítems disponibles.